Český jazyk 6 pro ZŠ pro neslyšící a ZŠ pro žáky se zbytky sluchu : učebnice pro 6. ročník /

Hlavní autor: Poul, Jan, 1914-
Další autoři: Hruška, Josef, 1917-1997
Jazyk: Čeština
Vydáno: Praha : Státní pedagogické nakladatelství, 1990
Vydání: 3. vyd.
Edice: Učebnice pro základní školy (Státní pedagogické nakladatelství)
Témata:
Fyzický popis: 166 s.
Knihy
Uloženo v:
LEADER 01084nam a22002892a 4500
001 000045701
003 CZ BrMZK
005 20061127135810.0
008 010907s1990 xr f cze d
015 |a cnb000056490 
020 |a 80-04-24829-2 
035 |a (OCoLC)39422228 
040 |a BOA001  |b cze 
080 9 |a 372.880.850 
080 9 |a 376.353 
100 1 |a Poul, Jan,  |d 1914-  |7 jk01100819  |4 aut 
245 1 0 |a Český jazyk 6 pro ZŠ pro neslyšící a ZŠ pro žáky se zbytky sluchu :  |b učebnice pro 6. ročník /  |c Jan Poul, Josef Hruška 
250 |a 3. vyd. 
260 |a Praha :  |b Státní pedagogické nakladatelství,  |c 1990 
300 |a 166 s. 
490 1 |a Učebnice pro základní školy 
700 1 |a Hruška, Josef,  |d 1917-1997  |7 jk01043041  |4 aut 
830 0 |a Učebnice pro základní školy (Státní pedagogické nakladatelství)  |0 s 
910 |a BOA001  |b PK-0113.393 
964 |a Čeština - učebnice - školy základní pro děti s vadami sluchu 
990 |a BK 
996 7 |b 3119983897  |c PK-0113.393  |l MZK  |r Sklad / do 1 hodiny  |n 6  |w 000045701  |u 000010  |a 1  |e BOA001  |j MZK50  |s A